Responses for Show #6102 - Tuesday, March 8, 2011

Contestants

[<< previous game]

Meg Khavari, a high school biology and religion teacher from Silver Spring, Maryland

Joe Mastroeni, a mutual funds analyst from Colt's Neck, New Jersey

Mike Nelson, a mechanical engineer from Geneva, Illinois (whose 1-day cash winnings total $16,001)

[next game >>]

Jeopardy! Round responses

BOOK NUMBERS
WHEN LIFE GIVES YOU LEMONS
NAME THAT PREZ
DRINKING VESSELS
HOCKEY
WHAT THE "ECK"
    $200 19
Catch-22

Mike
    $200 30
a lemon meringue pie

Meg
    $200 2
Monroe

Mike
    $200 8
champagne

Mike
    $200 1
a face mask

Joe
    $200 14
peck

Meg
    $400 20
The 101 Dalmatians

Triple Stumper
    $400 29
(Joe: What's a Tom Collins?)

an Arnold Palmer

JoeMeg
    $400 4
Buchanan

Mike
    $400 9
a stein

Triple Stumper
    $400 3
the Red Wings

Meg
    $400 15
Beck

Mike
    $1,000 21
A Tale of Two Cities

Mike
    $600 28
capers

Meg
    $600 5
JFK

Joe
    $600 10
a beaker

Mike
    $600 11
women

Triple Stumper
    $600 16
the neck

Mike
    $800 22
(Meg: What is Fahrenheit 451?)

One Flew Over the Cuckoo's Nest

Meg
Triple Stumper
    $800 27
lemon-flavored vodka

Triple Stumper
    $800 6
Reagan

Meg
    $800 13
tumbler

Triple Stumper
    $800 12
(Bobby) Orr

Meg
    $800 17
check

Meg
    $1000 23
(Joe: What is American Psycho?)

Less Than Zero

Joe
Triple Stumper
    $1000 26
zest

Joe
    $1000 7
(Joe: Who is Woodrow Wilson?)
(Meg: Uh, who is Taft?)

Dwight David Eisenhower

JoeMeg
Triple Stumper
    $1000 25
sake

Joe
    $1000 24
Sweden

Triple Stumper
    $1000 18
a gecko

Meg

Scores at the first commercial break (after clue 15):

Mike Joe Meg
$1,800 -$200 $1,200

Scores at the end of the Jeopardy! Round:

Mike Joe Meg
$3,600 $400 $3,400

Double Jeopardy! Round responses

MYTHOLO-"G"
TV SHOWS BY KIDS
(Alex: We'll give you the kids' names.)
ABBREV.
HODGEPODGE
(Alex: We have a test of quick math for you; we'll give you a number, you...)
MULTIPLY BY 5, DIVIDE BY 2, ADD 3
SORRY ABOUT THAT
    $400 1
the Gorgons

Mike
    $400 6
The Partridge Family

Joe
    $400 13
destruction

Mike
    $400 12
Alberta

Joe
    $400 26
(Joe: 15--what is 15?)

8

MikeJoe
    $400 7
Ireland

Mike
    $800 2
the Gordian knot

Joe
    $800 18
(Meg: What is Full House?)

Roseanne

Meg
Triple Stumper
    $800 14
(Joe: Uh, what is point?)

pursuit

Joe
Triple Stumper
    $800 22
(Joe: What are doctors?)

Mother's Day

JoeMeg
    $800 27
28

Joe
    $2,000 8
(Mike: What is Hawaii?)

Greenpeace

Mike
    $1200 3
Gaia

Joe
    $1200 19
(Mike: What are The Waltons?)

Eight is Enough

Mike
Triple Stumper
    $1200 15
Business

Joe
    $1200 23
AIG

Meg
    $1200 28
(Joe: What is 48?)

43

JoeMeg
    $1200 9
(George) Wallace

Meg
    $1600 4
Galatea

Joe
    $1600 20
(Joe: What is Just the Ten of Us?)

Big Love

Joe
Triple Stumper
    $1600 16
Criminal Investigation Department

Meg
    $1600 24
Elba

Joe
    $1600 29
153

Joe
    $1600 10
Toyota

Mike
    $2000 5
Ganymede

Mike
    $2000 21
The Good Wife

Triple Stumper
    $2,000 17
(Meg: What is Agriculture and Mining?)

Agricultural & Mechanical

Meg
    $2000 25
lemurs

Triple Stumper
    $2000 30
125,003

Mike
    $2000 11
Atlanta

Meg

Scores at the end of the Double Jeopardy! Round:

Mike Joe Meg
$7,600 $5,200 $8,600

[wagering suggestions for these scores]

Final Jeopardy! Round responses

AMERICAN LITERATURE
JoeWhat is Shameness
$5,199
MikeWhat is adultery?
$2,801
MegWhat is shaming
$6,601
the pillory

Final scores:

Mike Joe Meg
$4,799 $1 $1,999
2-day champion: $20,800 3rd place: $1,000 2nd place: $2,000

Game dynamics:

Coryat scores:

Mike Joe Meg
$9,200 $5,200 $10,600
15 R
(including 1 DD),
2 W
(including 1 DD)
13 R,
8 W
15 R,
4 W
(including 1 DD)

Combined Coryat: $25,000

[game clues] [game scores] [suggest correction]

Game tape date: 2010-11-09
The J! Archive is created by fans, for fans. Scraping, republication, monetization, and malicious use prohibited; this site may use cookies and collect identifying information. See terms. The Jeopardy! game show and all elements thereof, including but not limited to copyright and trademark thereto, are the property of Jeopardy Productions, Inc. and are protected under law. This website is not affiliated with, sponsored by, or operated by Jeopardy Productions, Inc. Join the discussion at JBoard.tv.